The design and operation of small sewage works

Bibliographic Details
Main Author: Barnes, D.
Other Authors: Wilson, F.
Format: Book
Published: London : E & F.N. spon Ltd , 1976
Subjects:

MARC

LEADER 00000cam a2200000 7i4500
001 0000002219
005 20050613.0
040 |a INS 
090 0 0 |a TD746.   |b B37 1976 
100 1 |a Barnes, D. 
245 1 4 |a The design and operation of small sewage works   |c D. Barnes 
260 |a London :   |b E & F.N. spon Ltd ,   |c 1976 
300 |a 180p ;   |c 24 cm. 
650 0 0 |a Sewage disposal plants   |x Design and construction 
650 0 0 |a Sewage disposal   |x Rural 
700 1 |a Wilson, F. 
999 |a 0000000541   |b BOOK   |c Open Shelf   |e Default branch